| 000 | 00727cam a2200193 4500 | ||
|---|---|---|---|
| 001 | WS119498 | ||
| 008 | 020830n 000 0 eng u | ||
| 035 | _a(Sirsi) u119498 | ||
| 110 |
_aAssociation of Corporate Approved Inspectors _94341 |
||
| 245 | _aAssociation of Corporate Approved Inspectors | ||
| 520 | _aWeb site for this organisation which aims to develop an understanding of private sector building control by corporate approved inspectors. | ||
| 650 | _aAPPROVED INSPECTORS | ||
| 650 | _aBUILDING ACT 1984 | ||
| 650 |
_aBUILDING CONTROL _96222 |
||
| 650 | _aORGANISATION | ||
| 690 | _aBUILT ENVIRONMENT | ||
| 856 | 4 | 0 |
_uhttps://www.acai.org.uk _zView the website free of charge at www.acai.org.uk... |
| 942 | _n0 | ||
| 999 |
_c120187 _d120187 |
||